| 000 | 00531pab a2200169 454500 | ||
|---|---|---|---|
| 008 | 180718b2000-2001 xxu||||| |||| 00| 0 eng d | ||
| 100 | _aHasas, Mohammad S. | ||
| 245 | _aIs there a long run relationship between population growth and living standards? the case of India - a re-examination | ||
| 260 | _c2000-2001 | ||
| 300 | _ap.27-34 | ||
| 362 | _aApr-Jun | ||
| 650 | _aStandard of living - India | ||
| 650 | _aIndia - Population | ||
| 650 | _aPopulation increase | ||
| 773 | _aIndian Economic Journal | ||
| 909 | _a50037 | ||
| 999 |
_c50037 _d50037 |
||